000 00505nam a22001577a 4500
003 OSt
005 20251030120626.0
008 251030b |||||||| |||| 00| 0 eng d
022 _a0040-5639
100 _aJohn J. Paris, SJ, Michael P. Moreland and Brian M. Cummings
245 _aThe Catholic Tradition on the Due Use of Medical Remedies:
_bThe Charlie Gard Case
260 _aUSA,
_bSages Publications;
_c2018
300 _aP.165-181
440 _aTheological Studies
_nNo.1
_vVol.79
942 _2lcc
_cART
999 _c204989
_d204949